| 000 | 00711nam a2200205 i 4500 | ||
|---|---|---|---|
| 001 | bg | ||
| 100 | 1 | _aHOŁUBOWICZ, Witold | |
| 245 | 0 |
_aPewne aspekty optymalnego doboru sygnałów CPM bez kodowania lub z kodowaniem splotowym / _cWitold Hołubowicz. |
|
| 260 |
_aPoznań : _bWydaw. PP, _c1992. |
||
| 300 |
_a158 s. : _brys., wykr. ; _c24 cm. |
||
| 490 | 1 |
_aRozprawy / Politechnika Poznańska, _x0551-6528 ; _vnr 266 |
|
| 504 | _aBibliogr. s. 148-157. | ||
| 710 | _aPOLITECHNIKA POZNAŃSKA (Poznań) | ||
| 830 | 0 |
_aRozprawy (Politechnika Poznańska) ; _vnr 266 |
|
| 040 | _cBPK | ||
| 041 | _apol | ||
| 080 | _a621.377.6+621.391:681.32.05:510.5 | ||
| 942 | _cKS | ||
| 008 | s pl f |000 0 pol | ||
| 999 |
_c30010 _d30010 |
||
| 856 |
_uhttp://koha.tu.koszalin.pl/cgi-bin/koha/opac-detail.pl?biblionumber=30010 _yKatalog online BPK |
||